Music Quiz

Random Music Quiz

UK no 1 singles 2010-2013 Quiz Stats

Quiz not verified by Sporcle

Also try: Green Day Albums
Challenge
Share
Tweet
Embed
Score 0/140 Timer 20:00
0 Plays Today
Date Artist % Correct
21st March 2010Lady Gaga- Telephone (feat Beyonce)
92.9%
9th October 2011Rihanna- We Found Love (feat Calvin Harris)
92.9%
3rd November 2013Eminem- The Monster (feat Rihanna)
92.9%
13th November 2011Rihanna- We Found Love (feat Calvin Harris)
92.9%
7th November 2010Rihanna- Only Girl (In the World)
89.3%
9th January 2011Rihanna- What's My Name (feat Drake)
89.3%
7th October 2012Rihanna- Diamonds
89.3%
21st October 2012Calvin Harris- Sweet Nothing (feat Florence Welch)
89.3%
3rd January 2010Lady Gaga- Bad Romance
85.7%
27th June 2010Katy Perry- California Gurls (feat Snoop Dogg)
85.7%
18th September 2011One Direction- What Makes You Beautiful
85.7%
25th March 2012Katy Perry- Part of Me
85.7%
18th November 2012One Direction- Little Things
85.7%
24th February 2013One Direction- One Way Or Another
85.7%
8th September 2013Katy Perry- Roar
85.7%
18th April 2010Usher- OMG (feat will.i.am)
82.1%
16th September 2012The Script- Hall of Fame (feat will.i.am)
82.1%
6th June 2010David Guetta and Chris Willis- Getiin Over You (feat Fergie and LMFAO)
78.6%
1st July 2012will.i.am- This Is Love (feat Eva Simons)
78.6%
25th Novemeber 2012Olly Murs- Troublemaker (feat Flo Rida)
78.6%
1st December 2013Calvin Harris and Alesso- Under Control (feat Hurts)
78.6%
20th February 2011Adele- Someone Like You
75%
27th March 2011Adele- Someone Like You
75%
5th February 2012David Guetta- Titanium (feat Sia)
75%
2nd June 2013Robin Thicke- Blurred Lines (feat T.I and Pharrell)
75%
14th July 2013Robin Thicke- Blurred Lines (feat T.I and Pharrell)
75%
5th September 2010Olly Murs- Please Dont Let Me Go
71.4%
12th December 2010Black Eyed Peas- The Time (Dirty Bit)
71.4%
28th August 2011Olly Murs- Heart Skips a Beat (feat Rizzle Kicks)
71.4%
11th December 2011Olly Murs- Dance With Me Tonight
71.4%
15th August 2010Flo Rida- Club Can't Handle Me
67.9%
6th February 2011Jessie J- Price Tag (feat B.o.B)
67.9%
17th April 2011LMFAO- Party Rock Anthem (feat Lauren Bennett and Goon Rock)
67.9%
8th January 2012Flo Rida- Good Feeling
67.9%
23rd May 2010B.o.B- Nothin on You (feat Bruno Mars)
64.3%
26 September 2010Bruno Mars- Just the Way You Are
64.3%
3rd October 2010Tinie Tempah- Written in the Stars (feat Eric Turner)
64.3%
24th October 2010Bruno Mars- Just the Way You Are
64.3%
16th January 2011Bruno Mars- Grenade
64.3%
15th May 2011Bruno Mars- The Lazy Song
64.3%
28th April 2013Daft Punk- Get Lucky (feat Pharrell Williams)
64.3%
11th August 2013Miley Cyrus- We Can't Stop
64.3%
13th October 2013Miley Cyrus- Wrecking Ball
64.3%
7th March 2010Tinie Tempah- Pass Out
60.7%
11th July 2010JLS- The Club is Alive
60.7%
21st November 2010JLS- Love You More
60.7%
3rd April 2011Jennifer Lopez- On the Floor (feat Pitbull)
60.7%
Date Artist % Correct
22nd May 2011Pitbull- Give Me Everything (feat Ne-Yo, Afrojack and Nayer)
60.7%
31st July 2011JLS- She Makes Me Wanna (feat Dev)
60.7%
15th January 2012Jessie J- Domino
60.7%
13th May 2012Rita Ora- R.I.P (feat Tinie Tempah)
60.7%
18th August 2013Ellie Goulding- Burn
60.7%
18th December 2011Little Mix- Cannonball
57.1%
1st January 2012Coldplay- Paradise
57.1%
15th July 2012Florence and the Machine- Spectrum
57.1%
2nd September 2012Little Mix- Wings
57.1%
3rd March 2013Justin Timberlake- Mirrors
57.1%
30th May 2010Dizzee Rascal- Dirtee Disco
53.6%
13th June 2010Shout for England- Shout (feat Dizzee Rascal and James Corden)
53.6%
31st October 2010Cheryl Cole- Promise This
53.6%
19th February 2012DJ Fresh-Hot Right Now (feat Rita Ora)
53.6%
17th June 2012Cheryl Cole- Call My Name
53.6%
19th August 2012Rita Ora- How We Do
53.6%
16th December 2012James Arthur- Impossible
53.6%
30th December 2012James Arthur- Impossible
53.6%
18th July 2010B.o.B- Airplanes (feat Hayley Williams)
50%
1st August 2010The Wanted- All Time Low
50%
8th August 2010Ne-Yo- Beautiful Monster
50%
17th July 2011The Wanted- Glad You Came
50%
30th October 2011Professor Green- Read All About It (feat Emeli Sande)professor green
50%
12th February 2012Gotye- Somebody That I Used to Know (feat Kimbra)
50%
26th February 2012Gotye- Somebody That I Used to Know (feat Kimbra)
50%
24th June 2012Maroon 5- Payphone (feat Wiz Khalifa)
50%
8th July 2012Maroon 5- Payphone (feat Wiz Khalifa)
50%
9th September 2012Ne-Yo- Let Me Love You
50%
28th October 2012Labrinth- Beneath Your Beautiful (feat Emeli Sande)
50%
4th November 2012Robbie Williams- Candy
50%
13th January 2013will.i.am- Scream and Shout (feat Britney Spears)will.i.am
50%
24th November 2013Lily Allen- Somewhere Only We Know
50%
8th December 2013Lily Allen- Somewhere Only We Know
50%
29th December 2013Pharrell Williams- Happy
50%
28th February 2010Jason Derulo- In My Head
46.4%
19th December 2010Matt Cardle- When We Collide
46.4%
30th January 2011Kesha- We R Who We R
46.4%
26th June 2011Jason Derulo- Don't Wanna Go Home
46.4%
1st April 2012Chris Brown- Turn Up the Music
46.4%
10th June 2012Gary Barlow- Sing (feat Military Wives)
46.4%
22nd September 2013Jason Derulo- Talk Dirty (feat 2 Chainz)
46.4%
22nd December 2013Sam Bailey- Skyscraper
46.4%
12th September 2010Alexandra Burke- Start Without You (feat Laza Morgan)
42.9%
12th June 2011Example- Changed the Way You Kiss Me
42.9%
10th July 2011DJ Fresh and Sian Evans- Louder
42.9%
7th August 2011Cher Lloyd- Swagger Jagger
42.9%
4th September 2011Example- Stay Awake
42.9%
Date Artist % Correct
17th February 2013Avicii vs Nicky Romero- I could Be the One
42.9%
24th March 2013The Saturdays- What About Us (feat Sean Paul)
42.9%
21st July 2013Avicii- Wake Me Up
42.9%
14th October 2012Swedish House Mafia- Don't You Worry Child (feat John Martin)
39.3%
6th October 2013OneRepublic- Counting Stars
39.3%
20th October 2013OneRepublic- Counting Stars
39.3%
25th September 2011Dappy- No Regrets
35.7%
25th December 2011Military Wives- Wherever You Are
35.7%
30th September 2012Psy- Gangnam Style
35.7%
10th February 2013Macklemore & Ryan Lewis- Thrift Shop (feat Wanz)
35.7%
4th April 2010Scouting for Girls- This Ain't a Love Song
32.1%
29th August 2010Taio Cruz- Dynamite
32.1%
20th March 2011Nicole Scherzinger- Don't Hold Your Breath
32.1%
27th May 2012Fun- We Are Young (feat Janelle Monae)
32.1%
3rd June 2012Rudimental- Feel the Love (feat John Newman)
32.1%
27th January 2013Bingo Players- Get Up (feat Far East Movement)
32.1%
21st April 2013Rudimental- Waiting All Night (feat Ella Eyre)
32.1%
24th January 2010Owl City- Fireflies
28.6%
11th September 2011Pixie Lott- All About Tonight
28.6%
8th April 2012Carly Rae Jepsen- Call Me Maybe
28.6%
23rd December 2012The Justice Collective- He Ain't Heavy, He's My Brother
28.6%
7th April 2013Duke Dumont- Need U (100%) (feat A*M*E)
28.6%
7th July 2013John Newman- Love Me Again
28.6%
10th January 2010Iyaz- Replay
25%
2nd May 2010Roll Deep- Good Times
25%
22nd August 2010Roll Deep- Green Light
25%
21st August 2011Wretch 32- Don't Go (feat Josh Kumra)
25%
6th May 2012Tulisa- Young
25%
26th May 2013Naughty Boy- La La La (feat Sam Smith)
25%
27th October 2013Lorde- Royals
25%
25th April 2010Diana Vickers- Once
21.4%
10th October 2010Cee Lo Green- Forget You
21.4%
14th August 2011Nero- Promises
21.4%
5th August 2012Wiley- Heatwave (feat Ms D)
21.4%
30th June 2013Icona Pop- I Love It (feat Charli XCX)
21.4%
25th July 2010Yolanda Be Cool & DCUP- We No Speak Americano
17.9%
28th November 2010The X Factor Finalists 2010- Heroes
17.9%
4th December 2011The X Factor Finalists 2011- Wishing on a Star
17.9%
26th August 2012Sam and the Womp- Bom Bom
17.9%
9th December 2012Gabrielle Aplin- The Power of Love
17.9%
31st March 2013PJ & Duncan- Let's Get Ready to Rhumble
17.9%
17th November 2013Martin Garrix- Animals
17.9%
14th February 2010Helping Haiti- Everybody Hurts
14.3%
2nd October 2011Sak Noel- Loca People
14.3%
29th January 2012Cover Drive- Twilight
14.3%
10th November 2013Storm Queen- Look Right Through (MK Remix)
14.3%

You're not logged in!

Compare scores with friends on all Sporcle quizzes.
Sign Up with Email
OR
Log In

You Might Also Like...

Show Comments

Extras

Top Quizzes Today


Score Distribution

Your Account Isn't Verified!

In order to create a playlist on Sporcle, you need to verify the email address you used during registration. Go to your Sporcle Settings to finish the process.

Report this User

Report this user for behavior that violates our Community Guidelines.

Details: